| 000 | 00512 a2200169 4500 | ||
|---|---|---|---|
| 020 | _a0826464793 | ||
| 040 |
_aDLC _bDLC |
||
| 082 | 0 | 0 | _a428.0071 |
| 100 | 1 | _aCostello, Patrick J. M., | |
| 245 | 1 | 0 |
_aAction research _cPatrick J.M. Costello |
| 260 |
_aLondon ; _aNew York : _bContinuum, _c2003. |
||
| 300 |
_aix, 102 p. : _bill. ; _c22 cm. |
||
| 440 | 0 | _aContinuum research methods series | |
| 650 | 0 | _aAction research in education. | |
| 650 | 0 |
_aEducation _xResearch _xMethodology. |
|
| 942 |
_cBK _k428.0071 COS _2ddc |
||
| 999 |
_c7439 _d7439 |
||